000 004430000a22001810004500
003 MACL
005 20151222165547.0
008 151222b xxu||||| |||| 00| 0 eng d
040 _aMACL
_cMACL
041 _aEnglish
082 _a796.368/GRE
100 _aGreig, Tony
_922240
245 _aTest Match Cricket
_bA Personal View
260 _bHamlyn
_c1977
_aLondon
350 _a71
650 _aSports
_922241
942 _cBK
_k796.368/GRE
_2ddc
999 _c40789
_d40789